Identify the True Logo - Statistics

General Stats
  • This quiz has been taken 495 times
  • The average score is 9 of 12
Answer Stats
Question Answer % Correct
Which is the correct logo?
85%
Which is the correct logo for Amazon?
85%
Which is the correct logo for Apple?
84%
Which is the correct logo for Mercedes Benz?
84%
Which is the correct logo for LG?
81%
Which is the correct logo for Microsoft?
81%
Which is the correct logo for Spotify?
75%
Which is the correct logo for X (formerly known as Twitter)?
71%
Which is the correct logo for Chevrolet?
69%
Which is the correct logo for Dominos Pizza?
61%
Which is the correct logo for Bic?
58%
Which is the correct logo for Mastercard?
49%
No matching quizzes found
Score Distribution
Percent of People with Each Score
Percentile by Number Answered
Your Score History
You have not taken this quiz